Statistics for Olympic Disciplines by Medal Table

Click here to take the quiz!

General Stats

  • This quiz has been taken 4 times
  • The average score is 31 of 79

Answer Stats

Answer% Correct
Archery
100%
Athletics
100%
Badminton
100%
Basketball
100%
Boxing
100%
Field Hockey
100%
Ice Hockey
100%
Judo
100%
Short Track Speedskating
100%
Ski Jumping
100%
Swimming
100%
Table Tennis
100%
Alpine Skiing
67%
Biathlon
67%
Cross-Country Skiing
67%
Fencing
67%
Luge
67%
Modern Pentathlon
67%
Nordic Combined
67%
Rowing
67%
Rugby Sevens
67%
Shooting
67%
Skateboarding
67%
Softball
67%
Speed Skating
67%
Sport Climbing
67%
Surfing
67%
Taekwondo
67%
Track Cycling
67%
Volleyball
67%
Artistic Gymnastics
33%
Artistic Swimming
33%
Baseball
33%
Beach Volleyball
33%
Bobsleigh
33%
Canoe Slalom
33%
Croquet
33%
Curling
33%
Diving
33%
Figure Skating
33%
Football
33%
Freestyle Skiing
33%
Freestyle Wrestling
33%
Greco-Roman Wrestling
33%
Handball
33%
Road Cycling
33%
Sailing
33%
Skeleton
33%
Snowboarding
33%
Trampoline
33%
Triathlon
33%
Weightlifting
33%
3x3 Basketball
0%
Basque Pelota
0%
BMX Freestyle
0%
BMX Racing
0%
Canoe Sprint
0%
Cricket
0%
Equestrian - Dressage
0%
Equestrian - Driving
0%
Equestrian - Eventing
0%
Equestrian - Jumping
0%
Equestrian - Vaulting
0%
Golf
0%
Jeu de Paume
0%
Karate
0%
Lacrosse
0%
Marathon Swimming
0%
Military Patrol
0%
Mountain Biking
0%
Polo
0%
Rackets
0%
Rhythmic Gymnastics
0%
Roque
0%
Rugby Union
0%
Tennis
0%
Tug of War
0%
Water Motorsports
0%
Water Polo
0%

Score Distribution

Percentile by Number Answered

Percent of People with Each Score

Your Score History

You have not taken this quiz